[Event "Zurich Korchnoi Open 2017"]
[Site "Zurich SUI"]
[Date "2017.04.16"]
[Round "6.8"]
[White "Perunovic, Milos"]
[Black "Shirov, Alexei"]
[Result "1/2-1/2"]
[WhiteTitle "GM"]
[BlackTitle "GM"]
[WhiteElo "2611"]
[BlackElo "2693"]
[WhiteFideId "921629"]
[BlackFideId "2209390"]
[EventDate "2017.04.13"]

1. e4 e5 2. Nf3 Nc6 3. Bb5 a6 4. Ba4 Nf6 5. O-O Be7 6. d3 b5 7. Bb3 O-O 8. Nc3
d6 9. a3 Be6 10. Nd5 Nd4 11. Nxd4 exd4 12. Nxf6+ Bxf6 13. Bxe6 fxe6 14. a4 Qd7
15. b3 c5 16. Qg4 c4 17. axb5 axb5 18. Ba3 Rfc8 19. Bb4 d5 20. Rfe1 dxe4 21.
Qxe4 Qd5 22. Rxa8 Rxa8 23. bxc4 Qxe4 24. Rxe4 bxc4 25. Rxe6 Ra2 26. dxc4 Rxc2
27. Kf1 Kf7 28. Rd6 Rxc4 1/2-1/2

[Event "Zurich Korchnoi Open 2017"]
[Site "Zurich SUI"]
[Date "2017.04.16"]
[Round "6.9"]
[White "Martirosyan, Haik M."]
[Black "Rueetschi, Urs"]
[Result "1-0"]
[WhiteTitle "IM"]
[BlackTitle "FM"]
[WhiteElo "2515"]
[BlackElo "2266"]
[WhiteFideId "13306553"]
[BlackFideId "1300776"]
[EventDate "2017.04.13"]

1. d4 Nf6 2. c4 e6 3. Nf3 Bb4+ 4. Bd2 Qe7 5. Nc3 Nc6 6. g3 d6 7. Bg2 O-O 8. O-O
e5 9. Nd5 Nxd5 10. cxd5 Bxd2 11. dxc6 Ba5 12. dxe5 bxc6 13. exd6 cxd6 14. Nd4
Bd7 15. Bxc6 Rac8 16. Bxd7 Qxd7 17. Qd3 Bb6 18. Nb5 d5 19. e3 Rfd8 20. Rfd1 Qg4
21. Rac1 Rxc1 22. Rxc1 h5 23. Nd4 g6 24. Nc6 Rd6 25. Ne7+ Kh7 26. Nc8 Rd7 27.
Nxb6 axb6 28. Qd4 Qf3 29. h4 Rd6 30. Qf4 Qxf4 31. gxf4 Kg7 32. Kf1 Kf6 33. Ke2
Kf5 34. f3 Rd7 35. Rd1 Ke6 36. Rd4 Ra7 37. a3 Ra5 38. Rb4 b5 39. Kd3 Kd6 40. Kc3
Kc5 41. f5 Ra6 42. Rf4 Rd6 43. Kd3 Rc6 44. fxg6 fxg6 45. Rf8 Re6 46. Rc8+ Kd6
47. Kd4 Rf6 48. f4 Ke6 49. Rc6+ 1-0

[Event "Zurich Korchnoi Open 2017"]
[Site "Zurich SUI"]
[Date "2017.04.16"]
[Round "6.10"]
[White "Weinzettl, Ernst"]
[Black "Pavlovic, Milos"]
[Result "1/2-1/2"]
[WhiteTitle "IM"]
[BlackTitle "GM"]
[WhiteElo "2294"]
[BlackElo "2495"]
[WhiteFideId "1600575"]
[BlackFideId "900389"]
[EventDate "2017.04.13"]

1. e4 c5 2. Nf3 Nc6 3. d4 cxd4 4. Nxd4 g6 5. c4 Bg7 6. Be3 Nf6 7. Nc3 O-O 8. Be2
d6 9. O-O Bd7 10. Qd2 Nxd4 11. Bxd4 Bc6 12. f3 a5 13. Rad1 Re8 14. Nd5 Nd7 15.
Bxg7 Kxg7 16. f4 e5 17. Bg4 Nf6 18. Nxf6 Qxf6 19. Qxd6 Qh4 20. fxe5 Qxg4 21.
Qf6+ Kg8 22. Qxf7+ Kh8 23. Qf6+ 1/2-1/2

[Event "Zurich Korchnoi Open 2017"]
[Site "Zurich SUI"]
[Date "2017.04.16"]
[Round "6.15"]
[White "Jovanovic, Sladjan"]
[Black "Klundt, Klaus"]
[Result "1/2-1/2"]
[BlackTitle "IM"]
[WhiteElo "2141"]
[BlackElo "2314"]
[WhiteFideId "1313860"]
[BlackFideId "4600436"]
[EventDate "2017.04.13"]

1. d4 d5 2. Bf4 Nf6 3. e3 c5 4. c3 e6 5. Nd2 Bd6 6. Bxd6 Qxd6 7. f4 cxd4 8. cxd4
Nc6 9. a3 O-O 10. Bd3 b6 11. b4 a5 12. b5 Ne7 13. Nh3 Bb7 14. Nf2 Rac8 15. g4
Rc3 16. Nb1 Rc7 17. Nd2 Rfc8 18. g5 Ne4 19. Nfxe4 dxe4 20. Nxe4 Bxe4 21. Bxe4
Rc3 22. Kf2 Nd5 23. Re1 Nxe3 24. Rxe3 Qxf4+ 25. Qf3 Qxh2+ 26. Kf1 Qb2 27. Rae1
Qxa3 28. Bc6 Rxe3 29. Qxe3 Qxe3 30. Rxe3 Rd8 31. d5 exd5 32. Bxd5 g6 33. Re5 Kf8
34. Bc6 a4 35. Kf2 a3 36. Re3 Rd2+ 37. Kg3 a2 38. Re8+ Kg7 39. Ra8 h6 40. gxh6+
Kxh6 41. Kf4 1/2-1/2

[Event "Zurich Korchnoi Open 2017"]
[Site "Zurich SUI"]
[Date "2017.04.16"]
[Round "6.16"]
[White "Toenz, Arthur"]
[Black "Huss, Andreas"]
[Result "0-1"]
[BlackTitle "IM"]
[WhiteElo "2107"]
[BlackElo "2313"]
[WhiteFideId "20652887"]
[BlackFideId "1300180"]
[EventDate "2017.04.13"]

1. d4 e6 2. c4 Nf6 3. Nf3 b6 4. g3 c6 5. Bg2 Ba6 6. b3 Bb4+ 7. Bd2 Be7 8. Bc3 d5
9. Nbd2 O-O 10. O-O Nbd7 11. Re1 Bb7 12. e4 Nxe4 13. Nxe4 dxe4 14. Rxe4 c5 15.
Re1 Bf6 16. Qc2 cxd4 17. Nxd4 Bxg2 18. Kxg2 Qc7 19. Rad1 Qb7+ 20. Qe4 Qxe4+ 21.
Rxe4 Nc5 22. Ree1 Rfd8 23. f3 Rd7 24. Rd2 Rad8 25. Red1 Bg5 26. Re2 Bf6 27. Red2
Bg5 28. Re2 f6 29. f4 e5 30. fxe5 fxe5 31. Rxe5 Bf6 32. Rd5 Rxd5 33. cxd5 Ne4
34. Bb2 Rxd5 35. Kf3 Ng5+ 36. Ke3 Ne6 37. Bc3 Re5+ 38. Kd3 Nc5+ 39. Kc4 Ne4 40.
Bb4 a5 41. Ba3 Rh5 42. Nf3 b5+ 43. Kd3 Nf2+ 44. Ke2 Nxd1 45. Kxd1 g5 46. g4 Rh3
47. Ke2 h5 48. gxh5 g4 0-1

[Event "Zurich Korchnoi Open 2017"]
[Site "Zurich SUI"]
[Date "2017.04.17"]
[Round "7.1"]
[White "Safarli, Eltaj"]
[Black "Guseinov, Gadir"]
[Result "1/2-1/2"]
[WhiteTitle "GM"]
[BlackTitle "GM"]
[WhiteElo "2680"]
[BlackElo "2643"]
[WhiteFideId "13402129"]
[BlackFideId "13401378"]
[EventDate "2017.04.13"]

1. e4 c5 2. Nf3 d6 3. Bb5+ Bd7 4. Bxd7+ Qxd7 5. c4 Nf6 6. Nc3 g6 7. d4 cxd4 8.
Nxd4 Bg7 9. f3 Qc7 10. b3 Qa5 11. Bd2 Nc6 12. Nd5 Qd8 13. Bc3 e6 14. Nxc6 bxc6
15. Nxf6+ Bxf6 16. Bxf6 Qxf6 17. O-O Rd8 18. Qd2 O-O 19. Rad1 d5 20. exd5 exd5
21. Qd4 Qxd4+ 22. Rxd4 dxc4 23. Rxc4 Rd2 24. Rf2 Rd1+ 25. Rf1 1/2-1/2

[Event "Zurich Korchnoi Open 2017"]
[Site "Zurich SUI"]
[Date "2017.04.17"]
[Round "7.2"]
[White "Rakhmanov, Aleksandr"]
[Black "Van Wely, Loek"]
[Result "1/2-1/2"]
[WhiteTitle "GM"]
[BlackTitle "GM"]
[WhiteElo "2665"]
[BlackElo "2669"]
[WhiteFideId "4173708"]
[BlackFideId "1000268"]
[EventDate "2017.04.13"]

1. Nf3 c5 2. c4 g6 3. g3 Bg7 4. Bg2 Nc6 5. Nc3 d6 6. O-O Nh6 7. d4 O-O 8. d5 Na5
9. Nd2 a6 10. Qc2 b5 11. cxb5 axb5 12. Nxb5 Ba6 13. Nc3 Nf5 14. Re1 Nd4 15. Qd1
Qd7 16. Rb1 Rfb8 17. e3 Nb5 18. Nxb5 Qxb5 19. b3 Qb4 20. a3 Qc3 21. Bb2 Qxb2 22.
Rxb2 Bxb2 23. Qc2 Bxa3 24. Ra1 Bb4 25. Nc4 Nxc4 26. bxc4 Bc8 1/2-1/2

[Event "Zurich Korchnoi Open 2017"]
[Site "Zurich SUI"]
[Date "2017.04.17"]
[Round "7.4"]
[White "Berkes, Ferenc"]
[Black "Esipenko, Andrey"]
[Result "1-0"]
[WhiteTitle "GM"]
[BlackTitle "FM"]
[WhiteElo "2648"]
[BlackElo "2492"]
[WhiteFideId "718572"]
[BlackFideId "24175439"]
[EventDate "2017.04.13"]

1. d4 Nf6 2. Nf3 c5 3. d5 b5 4. c3 Bb7 5. e4 Nxe4 6. Bxb5 Qa5 7. Na3 Nf6 8. d6
Ne4 9. Bf4 Qb6 10. dxe7 Bxe7 11. Bxb8 Rxb8 12. Qxd7+ Kf8 13. Nc4 Qd8 14. Nfe5
Nf6 15. Qxd8+ Bxd8 16. O-O g6 17. Rad1 Kg7 18. Nd6 Bd5 19. Bc4 Bxc4 20. Ndxc4
Rb7 21. g3 Be7 22. Rfe1 Re8 23. Re3 Bf8 24. Ng4 Rxe3 25. Ngxe3 Be7 26. Kf1 h5
27. h4 Kf8 28. Ke2 Ke8 29. Nd5 Rd7 30. Nxf6+ Bxf6 31. Nd6+ Kf8 32. Ne4 Rxd1 33.
Kxd1 Be7 34. Ke2 Ke8 35. Kd3 f5 36. Ng5 Kd7 37. Kc4 Kd6 38. f4 Bf6 39. Nf3 a6
40. Ne1 Be7 41. Nd3 Kc6 42. Ne5+ Kd6 43. Nxg6 Bf6 44. a4 Bg7 45. Ne5 Bxe5 46.
fxe5+ Kxe5 47. Kxc5 1-0

[Event "Zurich Korchnoi Open 2017"]
[Site "Zurich SUI"]
[Date "2017.04.17"]
[Round "7.5"]
[White "Bauer, Christian"]
[Black "Hera, Imre Jr."]
[Result "1/2-1/2"]
[WhiteTitle "GM"]
[BlackTitle "GM"]
[WhiteElo "2619"]
[BlackElo "2608"]
[WhiteFideId "603767"]
[BlackFideId "716855"]
[EventDate "2017.04.13"]

1. e4 e5 2. Bc4 Nf6 3. d3 c6 4. Nf3 d6 5. Nbd2 g6 6. a3 Bg7 7. Ba2 O-O 8. O-O
Nbd7 9. Nc4 Qc7 10. Re1 b5 11. Ne3 Bb7 12. Nh4 d5 13. Ng4 Kh8 14. Bg5 Nxg4 15.
Qxg4 Nc5 16. Bd2 Ne6 17. Bc3 Rae8 18. Qg3 Nf4 19. Nf3 f6 20. h3 c5 21. Bd2 dxe4
22. dxe4 Bh6 23. Qh2 Rd8 24. Kh1 Qg7 25. Bc3 c4 26. b3 cxb3 27. Bxb3 Bc6 28.
Rab1 Rfe8 29. Ba5 Rc8 30. Rbd1 Qb7 31. Nd2 Qa6 32. Bb4 Qb6 33. Qg3 a5 34. Bc3
Bf8 35. Nf3 Bg7 36. Nh4 a4 37. Bf7 Rf8 38. Ba2 Qb7 39. Bb4 Rfe8 40. Qe3 Rcd8 41.
f3 Qc8 42. Kh2 Bh6 43. Qf2 Bg5 44. g4 Rxd1 45. Rxd1 Rd8 46. Rxd8+ Qxd8 47. Ng2
Nxg2 48. Kxg2 Qd1 49. h4 Bf4 50. Be7 Kg7 51. g5 1/2-1/2

[Event "Zurich Korchnoi Open 2017"]
[Site "Zurich SUI"]
[Date "2017.04.17"]
[Round "7.6"]
[White "Shirov, Alexei"]
[Black "Miezis, Normunds"]
[Result "1-0"]
[WhiteTitle "GM"]
[BlackTitle "GM"]
[WhiteElo "2693"]
[BlackElo "2468"]
[WhiteFideId "2209390"]
[BlackFideId "11600136"]
[EventDate "2017.04.13"]

1. d4 Nf6 2. c4 e6 3. Nc3 Bb4 4. f3 c5 5. d5 b5 6. e4 O-O 7. e5 Ne8 8. f4 bxc4
9. Bxc4 Ba6 10. Bxa6 Nxa6 11. d6 f6 12. Nf3 Bxc3+ 13. bxc3 Qa5 14. Qd3 c4 15.
Qxc4 fxe5 16. fxe5 Nxd6 17. exd6 Rac8 18. Qd3 Rxc3 19. Bd2 Rxd3 20. Bxa5 Rxd6
21. Rd1 Rxd1+ 22. Kxd1 Rf4 23. Bd2 Ra4 24. Kc2 Nc5 25. Kb1 Ne4 26. Be3 Nc3+ 27.
Kb2 Nd5 28. Bd2 h6 29. Kb3 Ra6 30. a4 Rb6+ 31. Ka3 d6 32. Nd4 e5 33. Nf5 g6 34.
Nxh6+ Kg7 35. Ng4 Kf7 36. Nf2 Ke6 37. Ne4 Rc6 38. Rc1 Rxc1 39. Bxc1 Nc7 40. g4
d5 41. Ng5+ Kd6 42. h4 Ne8 43. h5 gxh5 44. gxh5 Nf6 45. h6 Kc5 46. Kb3 a6 47.
Ba3+ 1-0

[Event "Zurich Korchnoi Open 2017"]
[Site "Zurich SUI"]
[Date "2017.04.17"]
[Round "7.7"]
[White "Lazarev, Vladimir"]
[Black "Ivanisevic, Ivan"]
[Result "0-1"]
[WhiteTitle "GM"]
[BlackTitle "GM"]
[WhiteElo "2373"]
[BlackElo "2633"]
[WhiteFideId "4113250"]
[BlackFideId "912417"]
[EventDate "2017.04.13"]

1. d4 d5 2. c4 c6 3. Nf3 Nf6 4. Qc2 g6 5. e3 Bg7 6. Nc3 O-O 7. Bd2 a6 8. Rc1 b5
9. cxd5 cxd5 10. Bd3 Bb7 11. O-O Nc6 12. Qb1 Re8 13. Rfd1 e5 14. dxe5 Ng4 15.
Be1 Ncxe5 16. Be2 Nc4 17. Bxc4 bxc4 18. Ne2 d4 19. Nexd4 Qb8 20. Rxc4 Bxd4 21.
Rdxd4 Bxf3 22. Rxg4 Bxg4 23. Rxg4 Qb5 24. Bc3 Rac8 25. Qe1 Red8 26. h3 Rc4 27.
f3 f5 28. Rxc4 Qxc4 29. a3 Qe6 30. Qe2 Kf7 31. Kf2 h5 32. h4 Qc6 33. Kg1 Qb5 34.
Qf2 Rd1+ 35. Kh2 Qb8+ 36. f4 Rd3 37. Bd4 Qd8 38. Qe1 a5 39. g3 Qc7 40. Qe2 Qc4
41. Qg2 Ke6 42. Kh3 Rd1 43. Bc3 a4 44. Qb7 Qf1+ 45. Qg2 Qxg2+ 46. Kxg2 Kd5 47.
Kf3 Kc4 48. Ke2 Rc1 49. Be5 Rc2+ 50. Kf3 Kd3 51. Bf6 Re2 52. Bd4 Kd2 53. Bc3+
Kd1 54. Bd4 Ke1 55. g4 hxg4+ 56. Kg3 Kf1 57. h5 gxh5 58. Kh4 Rh2+ 59. Kg5 g3 0-1

[Event "Zurich Korchnoi Open 2017"]
[Site "Zurich SUI"]
[Date "2017.04.17"]
[Round "7.8"]
[White "Jenni, Florian"]
[Black "Tregubov, Pavel V."]
[Result "1/2-1/2"]
[WhiteTitle "GM"]
[BlackTitle "GM"]
[WhiteElo "2472"]
[BlackElo "2579"]
[WhiteFideId "1304232"]
[BlackFideId "4115341"]
[EventDate "2017.04.13"]

1. e4 c5 2. Nf3 Nc6 3. Bb5 g6 4. O-O Bg7 5. Re1 e5 6. Bxc6 dxc6 7. h3 Qe7 8. a4
Nf6 9. Na3 Nh5 10. d3 Be6 11. Nc4 Bxc4 12. dxc4 O-O 13. Qe2 Rad8 14. Bg5 Bf6 15.
Bh6 Bg7 16. Bg5 f6 17. Be3 Nf4 18. Bxf4 exf4 19. Rad1 Rxd1 20. Qxd1 Rd8 21. Qe2
Rd6 22. Kf1 Qd8 23. b3 Qe7 24. e5 fxe5 25. Nxe5 Bxe5 26. Qxe5 Qxe5 27. Rxe5 Kf7
28. Rxc5 Rd2 29. b4 Rxc2 30. b5 cxb5 31. axb5 a5 32. Rc7+ Ke6 33. Rxb7 a4 34.
Ra7 Rxc4 35. b6 Kd6 36. Ra8 Rb4 37. b7 Rxb7 1/2-1/2

[Event "Zurich Korchnoi Open 2017"]
[Site "Zurich SUI"]
[Date "2017.04.17"]
[Round "7.10"]
[White "Huss, Andreas"]
[Black "Martirosyan, Haik M."]
[Result "0-1"]
[WhiteTitle "IM"]
[BlackTitle "IM"]
[WhiteElo "2313"]
[BlackElo "2515"]
[WhiteFideId "1300180"]
[BlackFideId "13306553"]
[EventDate "2017.04.13"]

1. d4 Nf6 2. c4 c5 3. d5 e6 4. Nc3 exd5 5. cxd5 d6 6. e4 g6 7. Bb5+ Nbd7 8. a4
Bg7 9. Nf3 O-O 10. O-O a6 11. Bxd7 Nxd7 12. Bf4 Qc7 13. Re1 Re8 14. Rc1 f6 15.
Nd2 Ne5 16. Qe2 Bd7 17. Bg3 Rab8 18. f4 Nf7 19. Qf1 f5 20. Bf2 Qd8 21. exf5 gxf5
22. Rxe8+ Bxe8 23. Qd3 Bd7 24. b3 b5 25. axb5 axb5 26. Ne2 Qf6 27. Ng3 Qg6 28.
Nf3 Bf6 29. h3 Re8 30. Re1 Nh6 31. Kh2 Kf8 32. Rxe8+ Qxe8 33. Be1 b4 34. Bf2 Kg8
35. Nd2 Bb5 36. Nc4 Bxc4 37. Qxc4 Bh4 38. Qa6 Bxg3+ 39. Bxg3 Qe7 40. Qd3 Qe4 41.
Qd2 Kf7 42. Bh4 Ng8 43. Kg1 Qb1+ 44. Qe1 Qxe1+ 45. Bxe1 Nf6 46. Bd2 Nxd5 47. Bc1
Ne7 0-1

[Event "Zurich Korchnoi Open 2017"]
[Site "Zurich SUI"]
[Date "2017.04.17"]
[Round "7.11"]
[White "Pavlovic, Milos"]
[Black "Ballmann, Martin"]
[Result "1-0"]
[WhiteTitle "GM"]
[BlackTitle "IM"]
[WhiteElo "2495"]
[BlackElo "2395"]
[WhiteFideId "900389"]
[BlackFideId "1300350"]
[EventDate "2017.04.13"]

1. d4 Nf6 2. c4 g6 3. Nc3 Bg7 4. e4 d6 5. f3 O-O 6. Be3 a6 7. Nge2 c6 8. c5 b6
9. cxb6 Nbd7 10. Nf4 Nxb6 11. Be2 a5 12. O-O a4 13. Rc1 Ba6 14. Bxa6 Rxa6 15.
Qe2 Ra5 16. Nd3 Qb8 17. Rc2 Rc8 18. Rfc1 Qb7 19. Nb1 Nfd7 20. Qd2 Raa8 21. Na3
Rc7 22. Kh1 Rac8 23. Nc4 Nxc4 24. Rxc4 Nb6 25. R4c2 Qa8 26. Qb4 Rb8 27. Qe1 Nd7
28. Nb4 Kf8 29. Nxc6 Rbc8 30. Nb4 Rxc2 31. Rxc2 Rxc2 32. Nxc2 Qa6 33. Bg1 Kg8
34. Qc3 Nc5 35. Nb4 Qf1 36. e5 Ne6 37. Nd5 h5 38. Nxe7+ Kh7 39. Nd5 dxe5 40.
dxe5 Bf8 41. Nf6+ Kg7 42. Ne8+ Kg8 43. Nf6+ Kg7 44. Ne4 Qb1 45. a3 h4 46. h3 Be7
47. Kh2 Qf1 48. Be3 Qd1 49. Qd2 Qb3 50. Bh6+ Kh7 51. Be3 Qb5 52. f4 Ng7 53. Nd6
Qb3 54. Bf2 Nh5 55. f5 Ng3 56. fxg6+ Kxg6 57. Qf4 Bg5 58. Qg4 Nf1+ 59. Kg1 Qd3
60. Ne4 1-0

[Event "Zurich Korchnoi Open 2017"]
[Site "Zurich SUI"]
[Date "2017.04.17"]
[Round "7.13"]
[White "Klundt, Klaus"]
[Black "Georges, Sacha"]
[Result "1-0"]
[WhiteTitle "IM"]
[BlackTitle "FM"]
[WhiteElo "2314"]
[BlackElo "2218"]
[WhiteFideId "4600436"]
[BlackFideId "1301160"]
[EventDate "2017.04.13"]

1. e4 c5 2. Nc3 Nc6 3. Nf3 d6 4. d4 cxd4 5. Nxd4 Nf6 6. Bc4 Bd7 7. O-O g6 8. h3
Bg7 9. Be3 O-O 10. Bb3 Na5 11. Re1 Rc8 12. Qd3 a6 13. Nd5 b5 14. Bg5 Nc4 15.
Bxc4 bxc4 16. Qd2 e6 17. Nxf6+ Bxf6 18. Bxf6 Qxf6 19. Rad1 Rfd8 20. Qa5 Qe5 21.
Qxe5 dxe5 22. Nf3 Ba4 23. Rxd8+ Rxd8 24. b3 Be8 25. Nxe5 Rd2 26. Rc1 c3 27. a4
f6 28. Nc4 Rd4 29. Ne3 Rxe4 30. Rd1 f5 31. Rd8 Kf7 32. Kf1 e5 33. Rd3 f4 34. Nc4
Ke7 35. f3 Rxc4 36. bxc4 Bxa4 37. Rxc3 Kd6 38. Ke2 Kc5 39. Kd3 a5 40. Ra3 Kb4
41. Ra1 Bc6 42. Rb1+ Kc5 43. Re1 Kb4 44. Rxe5 a4 45. Re6 Bd7 46. Rb6+ Kc5 47.
Ra6 Kb4 48. Kd4 a3 49. c5 Ba4 50. Rb6+ Bb5 51. Re6 a2 52. Re1 g5 53. Kd5 Kc3 54.
c6 Kxc2 55. c7 Bd7 56. Kd6 Bf5 57. Ke7 Kb2 58. Kd8 a1=Q 59. Rxa1 Kxa1 60. c8=Q
Bxc8 61. Kxc8 Kb2 62. Kd7 Kc3 63. Ke6 Kd3 64. Kf5 1-0

[Event "Zurich Korchnoi Open 2017"]
[Site "Zurich SUI"]
[Date "2017.04.17"]
[Round "7.14"]
[White "Kolbus, Dietmar"]
[Black "Golubeva, Oksana"]
[Result "0-1"]
[WhiteTitle "IM"]
[BlackTitle "WFM"]
[WhiteElo "2308"]
[BlackElo "2154"]
[WhiteFideId "4610628"]
[BlackFideId "4170164"]
[EventDate "2017.04.13"]

1. c4 e6 2. Nf3 d5 3. b3 c5 4. e3 Nc6 5. cxd5 exd5 6. Bb2 a6 7. d4 Nf6 8. Be2
cxd4 9. Nxd4 Bb4+ 10. Bc3 Bd6 11. Nd2 Qc7 12. Nxc6 bxc6 13. Qc2 Bd7 14. Rc1 h5
15. h3 Rh6 16. Bd3 c5 17. Bb4 Bb5 18. Bxc5 Bxc5 19. Bxb5+ axb5 20. Qxc5 Qxc5 21.
Rxc5 Rxa2 22. Rc1 Ne4 23. Nxe4 dxe4 24. O-O Rb2 25. Rb1 Rxb1 26. Rxb1 Kd7 27.
Ra1 Rc6 28. Kf1 Rc3 29. Rb1 Kd6 30. b4 f5 31. Rd1+ Ke6 32. h4 Rc4 33. Rb1 Kf6
34. g3 g5 35. hxg5+ Kxg5 36. Kg2 Kg4 37. Rb3 h4 38. gxh4 Kxh4 39. Rb1 Kg4 40.
Rb2 Rc3 41. Rd2 Rc4 42. Rb2 f4 43. exf4 Kxf4 44. Kf1 Rc3 45. Kg2 Ke5 46. Kf1 Kd4
47. Ke1 Kc4 48. Re2 Kd4 49. Rb2 Rh3 50. Rd2+ Kc3 51. Ke2 Rd3 52. Ra2 Kxb4 53.
Ra8 Rd4 54. Ke3 Rc4 55. Ra1 Kc5 56. Ra8 Kb4 57. Ra1 Kc3 58. Rc1+ Kb2 59. Rd1 b4
60. Rd8 b3 61. Kd2 Kb1 62. Rd7 b2 63. Rd8 Rc2+ 64. Ke1 Rc3 65. Kd2 Rd3+ 66. Rxd3
exd3 67. f4 Ka2 68. Kxd3 b1=Q+ 69. Kd4 Qf5 0-1

[Event "Zurich Korchnoi Open 2017"]
[Site "Zurich SUI"]
[Date "2017.04.17"]
[Round "7.15"]
[White "Schmid, Christoph"]
[Black "Weinzettl, Ernst"]
[Result "1/2-1/2"]
[BlackTitle "IM"]
[WhiteElo "2113"]
[BlackElo "2294"]
[WhiteFideId "1302353"]
[BlackFideId "1600575"]
[EventDate "2017.04.13"]

1. d4 Nf6 2. c4 g6 3. Nc3 Bg7 4. e4 d6 5. f3 O-O 6. Be3 Nbd7 7. Qd2 c5 8. Nge2
a6 9. Rd1 Qa5 10. Nc1 cxd4 11. Bxd4 Ne5 12. Nb3 Qc7 13. Rc1 Be6 14. Nd5 Bxd5 15.
cxd5 Qd7 16. Be2 h5 17. O-O Kh7 18. Be3 Ng8 19. h3 Qa4 20. Qa5 1/2-1/2

[Event "Zurich Korchnoi Open 2017"]
[Site "Zurich SUI"]
[Date "2017.04.17"]
[Round "7.16"]
[White "Barle, Janez"]
[Black "Jovanovic, Sladjan"]
[Result "1-0"]
[WhiteTitle "IM"]
[WhiteElo "2290"]
[BlackElo "2141"]
[WhiteFideId "14600021"]
[BlackFideId "1313860"]
[EventDate "2017.04.13"]

1. e4 d6 2. f4 g6 3. Nc3 Bg7 4. Nf3 c6 5. d4 Bg4 6. Be2 e5 7. dxe5 Bxf3 8. Bxf3
dxe5 9. Qxd8+ Kxd8 10. g3 Nd7 11. Be3 Kc7 12. O-O-O Ngf6 13. g4 Ne8 14. g5 Nd6
15. f5 Nc4 16. Bf2 f6 17. Bg4 h5 18. Bh3 Rad8 19. b3 Nd6 20. fxg6 fxg5 21. Bxd7
Rxd7 22. Bxa7 Rh6 23. Rhe1 Rxg6 24. Na4 Nc8 25. Rxd7+ Kxd7 26. Be3 g4 27. Bd2 b6
28. Be3 Kc7 29. c4 h4 30. Rf1 Rf6 31. Rg1 Rg6 32. Kd2 c5 33. Nc3 Kc6 34. Nd5 Kd6
35. Ke2 Ke6 36. Bf2 h3 37. Ne3 Nd6 38. Kd3 Bh6 39. Nxg4 Bf4 40. Ne3 Rh6 41. Nf1
Rf6 42. Bh4 Rf7 43. Rg6+ Kd7 44. Ng3 Bc1 45. Nf5 Nxf5 46. exf5 Rxf5 47. Bg3 Bb2
48. Rxb6 Rf3+ 49. Ke4 Rf1 50. Rh6 Ra1 51. Rxh3 Rxa2 52. Bxe5 Bc1 53. Kd5 Re2 54.
Rh7+ Ke8 55. Ke6 1-0